| 000 | 00725nam a2200229 a 4500 | ||
|---|---|---|---|
| 001 | 50371 | ||
| 003 | BD-RjUL | ||
| 005 | 20211209075510.0 | ||
| 008 | 160824s1938 nyuae b 000 0 eng | ||
| 035 | _a(BD-RjUL)50491 | ||
| 040 |
_aDLC _cMBU _dOCoLC _dDLC _dBD-RjUL _beng |
||
| 041 | _aeng | ||
| 082 |
_a371.624 _223 _bBLP 1938 |
||
| 100 | 1 |
_aBlair, Herbert _d1875- _9150948 |
|
| 245 | 1 | 0 |
_aPhysical educational facilities for the modern junior and senior high school / _cby Herbert Blair |
| 260 |
_aNew York : _bA.S. Barnes & Company, _c1938. |
||
| 300 |
_axii, 174 p. : _bill. ; _c24 cm. |
||
| 500 | _aIncludes Index | ||
| 650 | 0 |
_aGymnasiums. _9150949 |
|
| 650 | 0 |
_aPhysical education facilities. _9150950 |
|
| 942 |
_2ddc _cBK |
||
| 999 |
_c50371 _d50371 |
||